| 000 | 00470nam a22001577a 4500 | ||
|---|---|---|---|
| 999 |
_c9265 _d9265 |
||
| 008 | 210401b ||||| |||| 00| 0 eng d | ||
| 040 | _aBMS College of Architecture | ||
| 100 | _aCharulata | ||
| 245 | _aPerforming arts centre Bangalore | ||
| 300 | _aNA | ||
| 500 | _a1BM00ATA004 | ||
| 502 |
_8B.Arch _NBMS College of Architecture, Visvesvaraya Technological University _aProject report _d2004 |
||
| 650 | _aArt | ||
| 700 |
_aRama Subramaniam _eGuide |
||
| 942 |
_2ddc _cTHE |
||